00398cam a2200169 a 4500001000800000005001700008008004100025010001700066020001500083040001300098041000800111080001600119082002000135100000700155101000800162245005800170447446520180205091910.0960809s1996 nyu 001 0 eng  a 96077893  a0681805706 aDLCcDLC aeng a811.008 STU00a811.008 STU221 a21 aGJL02aA treasury of poems :ccompiled by Sarah Anne Stuart.